000 00372nam a2200133 a 4500
005 20140414131904.0
008 100902s19uu xx 00 eng d
050 _aFIC
_bK19 2006
100 _aKeene, Carolyn
245 _aScream for ice cream /
_cby Daisy Meadows.
260 _aNew York :
_bScholastic,
_c2006.
440 _aNancy Drew and the clue crew
999 _c110818
_d110818